| 000 | 01963cam a2200469 i 4500 | ||
|---|---|---|---|
| 001 | 55404 | ||
| 003 | KOSZ 005 | ||
| 005 | 20240405063207.0 | ||
| 008 | 080808s2007 pl a |000 0 pol d | ||
| 040 |
_cKOSZ 005 _aKOSZ 005 _dKOSZ 005/HR |
||
| 041 | 0 | _apol | |
| 046 | _k2007 | ||
| 080 | _a7.071(438)"19/20" | ||
| 080 | _a(084.1) | ||
| 245 | 1 | 0 |
_aElżbieta Kalinowska : _bznak i przestrzeń : 1979-2007 / _c[red. Bronisław Słowiński ; fot. Marek Horwat et al.]. |
| 246 | 3 | _aZnak i przestrzeń | |
| 260 |
_aKoszalin : _bWydawnictwo Uczelniane Politechniki Koszalińskiej, _ccop. 2007. |
||
| 300 |
_a107, [1] s. : _bil. (w tym kolor.) ; _c32 cm. |
||
| 336 |
_2rdacontent _aTekst _btxt |
||
| 337 |
_2rdamedia _aBez urządzenia pośredniczącego _bn |
||
| 338 |
_2rdacarrier _aWolumin _bnc |
||
| 380 |
_aKsiążki _aAlbumy i książki artystyczne |
||
| 388 | _a2001- | ||
| 490 | 1 | _aMonografia / Instytut Wzornictwa | |
| 500 | _aISSN 0239-7129 oraz nr 144 kontynuuje numerację serii pierwotnej: Monografie - Wyższa Szkoła Inżynierska w Koszalinie. | ||
| 600 | 1 | 7 |
_aKalinowska, Elżbieta _d(1945- ) |
| 648 | 7 | _a2001- | |
| 648 | 7 | _a1901-2000 | |
| 655 | 4 | _aGrafika polska | |
| 655 | 4 | _aRysunek polski | |
| 655 | 4 | _aSztuka polska | |
| 655 | 4 | _aAlbum | |
| 658 | _aKultura i sztuka | ||
| 700 | 1 |
_aHorwat, Marek _eFotografie |
|
| 700 | 1 |
_aSłowiński, Bronisław _eRedakcja |
|
| 710 | 2 |
_aWydawnictwo Uczelniane (Politechnika Koszalińska) _4pbl. |
|
| 830 | 0 | _aMonografie - Politechnika Koszalińska | |
| 856 |
_uhttp://koha.tu.koszalin.pl/cgi-bin/koha/opac-detail.pl?biblionumber=55404 _yKatalog online BPK |
||
| 856 |
_uhttp://dlibra.tu.koszalin.pl/dlibra/docmetadata?id=651&from=&dirids=1&ver_id=&lp=1&QI= _yBiblioteka Cyfrowa |
||
| 942 |
_cKS _2UKD |
||
| 999 |
_c55404 _d55404 |
||